00535nam a2200181Ia 4500008004100000020001900041082000800060100003100068245004600099250000600145260003300151300001600184500002400200650001500224942000700239952009000246999001700336230524s9999 xx 000 0 und d a97881265301567 bRAO aB.N.D Narasingh Rao942431 0aSoil Mechanics and Foundation Engineering a1 aNew DelhibWiley Indiac2015 a"XV,1089p;" aQuantity Number: 1 a Mechanics cBK 00104070aTATCLbTATCLcGENd2023-05-24l0o RAOp53978r2023-05-24w2023-05-24yBK c56716d56716